000 01757nam a22004337a 4500
001 BRCA_9245
003 FranzMayer
005 20230717135400.0
008 230710b |||||||| |||| 00| 0 eng d
020 _a9786077891604
040 _aMFM
_cMFM
_besp
041 _aesp
050 _aF1386
_bP76 2022
110 1 _aMONEX
_bPro Bosque de Chapultepec
_928612
240 1 _aEl bosque de Chapultepec, sitio sagrado y natural de México
_lEspañol
245 0 _aEl bosque de Chapultepec
_bSitio sagrado y natural de México
250 _aTercera edición
260 _aCDMX
_bPro Bosque de Chapultepec
_c2022
300 _a264 p
_bilustraciones
_c33 cm
440 _aEl bosque de Chapultepec
_928613
500 _aL60/N4
505 0 _aTexto en: EspañolDedicado a: investigadores, historiadores, museógrafos, arquitectos, biólogosIncluye índice (temático)Bibliografía 258-260 PP.Incluye agradecimientos y créditos de la imagen
533 _bCDMX
_cPro Bosque de Chapultepec
_d2022
610 1 _aMONEX
_bPro Bosque de Chapultepec
_928614
650 1 _2Arte
_aHistoria del arte
_928615
_vMéxico
651 2 _2México
_aMéxico (Ciudad)
_zCDMX
_928616
700 1 _4Ed.
_aOrellana de, Margarita
_928618
700 1 _4Fot.
_aPacheco, Marco Antonio
_928619
700 1 _4Fot.
_aVértiz, Jorge
_928620
700 1 _4Fot.
_aCalderwood, Michael
_928621
700 1 _4Fot.
_aSchalkwijk, Bob
_928622
700 1 _4Ill.
_aJuárez Vivas, Magdalena
_928623
700 1 _4Cor.
_aCuéllar, Stella
_928624
700 1 _4Ico.
_aFragoso Hernández, Aglaé
_928625
700 1 _4Ico.
_aMeléndez Vergara, Miztli
_928626
700 1 _4Dis.
_aRodríguez, Luis
_928627
710 1 _aCOMEX
_bPro Bosque de Chapultepec
_928617
942 _2lcc
_cB
_eTercera edición
999 _c10864
_d10864